banner-ar

المعركة ضد الاسترويدات مستمر / (Record no. 49471)

MARC details
000 -الفاتح
حقل البيانات ثابتة الطول 00657nam a2200217Ia 4500
005 - وقت وتاريخ اخر تعامل مع التسجيلة
رقم الضبط 20240530104638.0
008 - عناصر البيانات ثابتة الطول - معلومات عامة
حقل البيانات ثابتة الطول 140319s9999 xx 000 0 ara d
040 ## - مصدر الفهرسة
وكالة الفهرسة الأصلية GCL /
وكالة النسخ GCL
082 04 - رقم تصنيف ديوى العشرى
رقم التصنيف 612.0142
رقم المادة و م
100 1# - المدخل الرئيسى - إسم شخصى
الإسم الشخصى ويدر ، بن
245 10 - بيان العنوان
العنوان المعركة ضد الاسترويدات مستمر /
بيان المسئوليه,etc بن ويدر
300 ## - الوصف المادى
التعداد 40 ص
490 ## - بيان السلسلة
عنوان السلسلة سلسلة براهين العلم
رقم المجلد/ التعيين التسلسلي 0
650 04 - المدخل الاضافى بالموضوع-مصطلح موضوعى
مصطلح موضوعي الالعاب الرياضية
650 04 - المدخل الاضافى بالموضوع-مصطلح موضوعى
مصطلح موضوعي الرياضيون
650 04 - المدخل الاضافى بالموضوع-مصطلح موضوعى
مصطلح موضوعي المنشطات الرياضية
650 04 - المدخل الاضافى بالموضوع-مصطلح موضوعى
مصطلح موضوعي الغش الرياضى
700 1# - المدخل الاضافى - اسم شخصى
الإسم الشخصى منير ملك المنياوى
942 ## - عناصر المدخل الإضافي( كوها)
مصدر التصنيف او مخطط الترفيف Dewey Decimal Classification
Koha [default] item type كتاب
Holdings
حالة التراجع حالة الفقد حالة تلف ليس للاعارة المكان المؤقت الموقع الحالى تاريخ الاكتساب اجمالي اﻻعارات رقم الطلب الباركود تاريخ اخر مشاهدة تاريخ تفعيل السعر نوع وعاء كوها
        مكتبة القاهرة الكبرى مكتبة القاهرة الكبرى 03/26/2014   612.0142\و م 118860 03/26/2014 03/26/2014 كتاب
        مكتبة القاهرة الكبرى مكتبة القاهرة الكبرى 03/26/2014   612.0142\و م 118861 03/26/2014 03/26/2014 كتاب

Powered By

EGPV